Análisis de las modificaciones al régimen penal tributario. Ley 26735 (Registro nro. 19920)

Detalles MARC
000 -LEADER
fixed length control field 00355 a2200109 4500
001 - CONTROL NUMBER
control field ART_40241
005 - DATE AND TIME OF LATEST TRANSACTION
control field 20260410161754.0
008 - FIXED-LENGTH DATA ELEMENTS--GENERAL INFORMATION
fixed length control field 260409a
100 1# - MAIN ENTRY--PERSONAL NAME
Personal name Semachowicz, Esteban D.
245 10 - TITLE STATEMENT
Title Análisis de las modificaciones al régimen penal tributario. Ley 26735
773 0# - HOST ITEM ENTRY
Title Doctrina tributaria
Related parts - Nº 383 (feb. 2012)
Record control number REV4296

No hay ítems disponibles.